01241nab a22002297a 4500003000400000005001700004008004100021040000700062100002000069245013600089260007300225300001500298500003600313505030300349505008200652650001800734650003600752650003200788650002600820650001700846773014800863OSt20251219085056.0190429b xxu||||| |||| 00| 0 spa d cPJ aSalvatori, Rita13aEl principio de oportunidad para adolescentes infractores en el Código Procesal Penal Federal : ba remisión /cRita Salvatori. cCiudad Autónoma de Buenos Aires :aThomson Reuters La Ley, b2025. ap. 153-164 aCita: TR LALEY AR/DOC/727/2025. aSumario: I. Introducción.— II. Génesis del instituto de la remisión. Conceptos.— III. Fundamento normativo.— IV. La remisión en el Código Procesal Penal Federal y su marco en el nuevo organigrama del Ministerio Público Fiscal.— V. Consideraciones finales.— VI. Bibliografía. tSi te interesa el texto completo, solicitalo a koha@justierradelfuego.gov.ar  0aDERECHO PENAL 0aRÉGIMEN PENAL DE LA MINORIDAD 0aMINISTERIO PÚBLICO FISCAL 0aCODIGO PROCESAL PENAL 0aADOLESCENTES0 02658tRevista de derecho penal y criminología. Nº 4 - Mayo 2025dCiudad Autónoma de Buenos Aires : Thomson Reuters La Ley, 2017-x00347914